Central Library OPAC University of Rajshahi

The voyage of the Beagle / (Record no. 74452)

MARC details
000 -LEADER
fixed length control field 00808nam a2200265 a 4500
001 - CONTROL NUMBER
control field 74452
003 - CONTROL NUMBER IDENTIFIER
rucl marc code BD-RjUL
005 - DATE AND TIME OF LATEST TRANSACTION
control field 20211209082544.0
008 - FIXED-LENGTH DATA ELEMENTS--GENERAL INFORMATION
fixed length control field 190927s1962 nyua j b 001 0beng
020 ## - INTERNATIONAL STANDARD BOOK NUMBER
International Standard Book Number 0385027672
035 ## - SYSTEM CONTROL NUMBER
System control number (BD-RjUL)74670
040 ## - CATALOGING SOURCE
Original cataloging agency DLC
Transcribing agency DLC
Modifying agency DLC
-- BD-RjUL
Language of cataloging eng
041 ## - LANGUAGE CODE
Language code of text/sound track or separate title eng
082 00 - DEWEY DECIMAL CLASSIFICATION NUMBER
Classification number 508.8
Edition number 19
100 1# - MAIN ENTRY--PERSONAL NAME
Personal name Hyndley, Kate.
9 (RLIN) 223000
245 14 - TITLE STATEMENT
Title The voyage of the Beagle /
Statement of responsibility, etc. Charles Darwin ; Ed. by Leonard Engel.
260 ## - PUBLICATION, DISTRIBUTION, ETC. (IMPRINT)
Place of publication, distribution, etc. New York :
Name of publisher, distributor, etc. Doubleday,
Date of publication, distribution, etc. 1962.
300 ## - PHYSICAL DESCRIPTION
Pagination 524 pages :
Illustrations ill. ;
Size 18 cm.
600 10 - SUBJECT ADDED ENTRY--PERSONAL NAME
Personal name Darwin, Charles,
Dates associated with a name 1809-1882
650 #0 - SUBJECT ADDED ENTRY--TOPICAL TERM
Topical term or geographic name as entry element Naturalists
Geographic subdivision England
Form subdivision Biography
-- Juvenile literature.
9 (RLIN) 223003
Topical term or geographic name as entry element Naturalists.
9 (RLIN) 223004
700 ## - ADDED ENTRY--PERSONAL NAME
Personal name Engel, Leonard
Relator term editor
942 ## - ADDED ENTRY ELEMENTS (KOHA)
Source of classification or shelving scheme Dewey Decimal Classification
Koha item type Books
Holdings
Lost status Source of classification or shelving scheme Damaged status Not for loan Permanent Location Current Location Shelving location Date acquired Source of acquisition Cost, normal purchase price Total Checkouts Full call number Date last seen Copy number Koha item type
  Dewey Decimal Classification     Central Library, University of Rajshahi Central Library, University of Rajshahi   19/04/1977 Heffer & Sons 1.95   508.8 DAV 1962 27/09/2018 C-2 Books